000 00765nam a2200253Ia 4500
003 GCL
008 140319s9999 xx 000 0 ara d
020 _a1685201977
040 _aGCL /
_cGCL
082 0 4 _a172
_bم ى
100 1 _aمور، توماس
245 1 0 _aيوتوبيا /
_cمور، توماس
700 1 _aانجيل بطرس سمعان
700 1 _aزكى نجيب محمود
260 _aالقاهرة :
_bالهيئة المصرية العامة للكتاب ،
_c2000
300 _a248 ص ؛
_c19 سم
490 _aمكتبة الاسرة
_v0
650 0 4 _aالدولة
650 0 4 _aالنظم السياسية
650 0 4 _aنظم الحكم
650 0 4 _aالمدن الفاضلة
650 0 4 _aيوتوبيا
942 _2ddc
_cBK
999 _c159
_d159